| Поле | Название | Значение |
| |
Тип записи |
a |
| |
Библиографический уровень |
m |
| 001 |
Контрольный номер |
90238c83d66240f8b5281c05f475f635 |
| 005 |
Дата корректировки |
20140611141600.2 |
| 010 |
Индекс ISBN |
__ |
| a |
ISBN |
5-93295-090-0 |
| 200 |
Заглавие и сведения об ответственности |
1_ |
| a |
Заглавие |
Доказывание с использованием специальных познаний по уголовным делам |
| e |
Сведения, относящиеся к заглавию |
[монография] |
| f |
Первые сведения об ответственности |
Елена Селина;под ред.А.А.Хмырова |
| 210 |
Выходные данные |
1_ |
| a |
Место издания |
М. |
| c |
Издательство |
Юрлитинформ |
| d |
Дата издания |
2003 |
| 215 |
Физическое описание |
__ |
| a |
Объем |
125 с. |
| 225 |
Серия |
2_ |
| a |
Серия |
Б-ка криминалиста |
| 610 |
Ключевые слова |
0_ |
| a |
Ключевые слова |
уголовная ответственность |
| 610 |
Ключевые слова |
0_ |
| a |
Ключевые слова |
уголовно-процессуальный кодекс |
| 610 |
Ключевые слова |
0_ |
| a |
Ключевые слова |
уголовное законодательство |
| 610 |
Ключевые слова |
0_ |
| a |
Ключевые слова |
уголовное право |
| 610 |
Ключевые слова |
0_ |
| a |
Ключевые слова |
уголовное судопроизводство ! |
| 610 |
Ключевые слова |
0_ |
| a |
Ключевые слова |
уголовные дела |
| 610 |
Ключевые слова |
0_ |
| a |
Ключевые слова |
уголовные преступления |
| 610 |
Ключевые слова |
0_ |
| a |
Ключевые слова |
уголовный кодекс |
| 610 |
Ключевые слова |
0_ |
| a |
Ключевые слова |
уголовный процесс |
| 610 |
Ключевые слова |
0_ |
| a |
Ключевые слова |
уголовный розыск |
| 610 |
Ключевые слова |
0_ |
| a |
Ключевые слова |
судебная экспертиза |
| 610 |
Ключевые слова |
0_ |
| a |
Ключевые слова |
доказательства |
| 610 |
Ключевые слова |
0_ |
| a |
Ключевые слова |
монография |
| 610 |
Ключевые слова |
0_ |
| a |
Ключевые слова |
судопроизводство |
| 686 |
Индексы других классификаций |
__ |
| a |
Классификационный индекс |
67.629.341.3 |
| 2 |
Код системы |
rubbk |
| 700 |
Автор |
_1 |
| a |
Фамилия |
Селина, Елена Викторовна |
| 801 |
Источник записи |
_0 |
| a |
Страна |
RU |
| b |
Организация |
РУК |
| c |
Дата составления |
20041202 |
| g |
Правила каталогизации |
PSBO |
| 801 |
Источник записи |
_1 |
| a |
Страна |
RU |
| b |
Организация |
РУК |
| c |
Дата составления |
20041202 |
| g |
Правила каталогизации |
PSBO |
| 852 |
Данные о местонахождении |
__ |
| i |
Авторский знак |
С29 |
| j |
Шифр хранения |
ББК 67 |
| 901 |
Тип документа |
__ |
| t |
Тип документа |
m |
| 938 |
Служебная информация |
__ |
| a |
Название организации |
Головной вуз |
| b |
Имя БД |
BOOK |
| c |
Название АИБС |
АИБС ИРБИС |